Environmental psychology (Record no. 93150)
[ view plain ]
| 000 -LEADER | |
|---|---|
| fixed length control field | 01447nam a2200361Ia 4500 |
| 100 1# - MAIN ENTRY--AUTHOR NAME | |
| Personal name | Bonnes, Mirilia. |
| 245 10 - TITLE STATEMENT | |
| Title | Environmental psychology |
| 260 ## - PUBLICATION, DISTRIBUTION, ETC. (IMPRINT) | |
| Place of publication | London ; |
| -- | Thousand Oaks, Calif. : |
| Name of publisher | Sage, |
| Year of publication | 1995. |
| 300 ## - PHYSICAL DESCRIPTION | |
| Number of Pages | vii, 230 p. : |
| Other physical details | ill. |
| 500 ## - GENERAL NOTE | |
| General note | Originally published in Italian as Psicologia ambientale. |
| 650 #0 - SUBJECT ADDED ENTRY--TOPICAL TERM | |
| Topical Term | Environmental psychology. |
| Topical Term | Social values. |
| 700 1# - ADDED ENTRY--PERSONAL NAME | |
| Personal name | Secchiaroli, Gianfranco. |
| 856 40 - ELECTRONIC LOCATION AND ACCESS | |
| Uniform Resource Identifier | http://site.ebrary.com/lib/rucke/Doc?id=10567019 |
No items available.
